Statistics for Top Three Most Common Colors for Men and Women Quiz

Click here to take the quiz!

General Stats

  • This quiz has been taken 63 times
  • The average score is 5 of 6

Answer Stats

PercentMen or WomenAnswer% Correct
29%MenBlue
100%
9%WomenRed
100%
25%MenGreen
95%
7%WomenPink
95%
27%WomenPurple
78%
7%MenOrange
75%

Score Distribution

Percentile by Number Answered

Percent of People with Each Score

Your Score History

You have not taken this quiz